000 00654nam a22002177a 4500
005 20170919120312.0
010 _aENG-120802
020 _a9788181803771
_c125.00
035 _aEN-104334
037 _bDBAD/PUB
082 _a150
100 _aFernandes,Tina
245 _aB.A. first year- psychology semester-I general psychology /
_cby Tina Fernandes...[et. al.] edited byC. Raja Mouli
260 _aHyderabad
_bTelgu Akademi
_c2016
270 _aHimayat Nagar
_bHyderabad
_e500029
300 _a314p. :
_c24cm(pbk)
_bill.
500 _a
700 _aMouli, C. Raja
700 _aT. Mrunalini
942 _2ddc
_cEN
_h150
_mFIR
999 _c144933
_d144933